Die vorgeschichte des Constanzer concils bis zur berufung ... (Record no. 23460)

MARC details
000 -LEADER
fixed length control field 00613cam a22002171 4500
001 - CONTROL NUMBER
control field g 01000411
003 - CONTROL NUMBER IDENTIFIER
control field DLC
005 - DATE AND TIME OF LATEST TRANSACTION
control field 20260227111251.0
008 - FIXED-LENGTH DATA ELEMENTS--GENERAL INFORMATION
fixed length control field 940610s1897 gw 000 0 ger
010 ## - LIBRARY OF CONGRESS CONTROL NUMBER
LC control number g 01000411
035 ## - SYSTEM CONTROL NUMBER
System control number (OCoLC)30592960
040 ## - CATALOGING SOURCE
Original cataloging agency DLC
Transcribing agency CU
Modifying agency DLC
042 ## - AUTHENTICATION CODE
Authentication code premarc
050 00 - LIBRARY OF CONGRESS CALL NUMBER
Classification number BX8301414
Item number .B6
100 1# - MAIN ENTRY--PERSONAL NAME
Personal name Blumenthal, Hermann Friedrich Thomas,
Dates associated with a name 1861-
245 04 - TITLE STATEMENT
Title Die vorgeschichte des Constanzer concils bis zur berufung ...
260 ## - PUBLICATION, DISTRIBUTION, ETC.
Place of publication, distribution, etc. Halle a.S.,
Name of publisher, distributor, etc. C.A. Kaemmerer Co.,
Date of publication, distribution, etc. 1897.
300 ## - PHYSICAL DESCRIPTION
Extent 131, [1] p.
Dimensions 23 cm.
502 ## - DISSERTATION NOTE
Dissertation note Inaug.-diss.--Halle.
500 ## - GENERAL NOTE
General note Vita.

No items available.

Powered by Koha